000 00463nam a2200181Ia 4500
001 10216
005 20260306161815.0
008 260306t1960||||xx |||||||||||||| ||spa||
041 _aESP
082 _a909
_bS19
100 _aSamhaber, Ernesto
_eAUT
245 0 _aLos grandes viajes a lo desconocido:
_b(el descubrimiento de la tierra)
260 _c1960
300 _a600 páginas :
_c20 cm.
650 _aGEN
654 _aCHU
942 _cLIB
_dJUS
_fJUS
_2ddc
_n
999 _c10216
_d10216